000 00654nam a2200169Ia 4500
005 20260302161543.0
008 260302s9999 xx 000 0 und d
020 _a9780714642512
082 _a338.9
_bESS
100 _aEsser, Klaus
245 0 _aSystemic Competitiveness /
_cEsser, Klaus
260 _bPsychology Press,
_c1996
300 _a186 pages
520 _aThis book introduces the concept of systemic competitiveness. The authors point out that an economy's competitiveness relies on purposive and intermeshed measures at 4 system levels - the meta-, macro-, meso-, and micro- levels.
650 _aBusiness & Economics
942 _cENGLISH
999 _c616684
_d616684